000 00439nam a22001817a 4500
003 MPLRDC
005 20220104144036.0
008 210129b ||||| |||| 00| 0 eng d
082 _a857.7 XMY v.686
100 _a陈明娣
245 _a盗窃之志同盗合
_c
250 _a初版
260 _a
_b星河出版社
_c2001
300 _b
490 _a寻梦园系列. 686
650 _a长篇小说
942 _cBK
_o857.7 XMY v.686
999 _c45820
_d45810